Projektový manažment

Salvato in:
Dettagli Bibliografici
Autore principale: Majtán, Miroslav
Altri autori: Tarišková, Natália, 1973-, Grznár, Miroslav, Ďurigová, Renáta
Natura: Libro
Lingua:slovacco
Pubblicazione: Bratislava Sprint 2 2024
Edizione:1. vydanie
Soggetti:
Tags: Aggiungi Tag
Nessun Tag, puoi essere il primo ad aggiungerne!!

MARC

LEADER 00000nam$a2200000$$$4500
001 0302832
005 20240702091503.0
020 |a 978-80-89710-60-7 
041 0 |a slo 
044 |a SK 
245 1 0 |a Projektový manažment  |c Miroslav Majtán, Natália Tarišková ; recenzovali: Miroslav Grznár, Renáta Ďurigová 
250 |a 1. vydanie 
264 1 |a Bratislava  |b Sprint 2  |c 2024 
300 |a [325 s.] [17,19 AH] 
610 2 0 |a riadenie projektové 
610 2 0 |a práca tímová 
610 2 0 |a organizácia práce 
610 2 0 |a plánovanie projektové 
610 2 0 |a financovanie projektové 
610 2 0 |a fondy Európskej únie 
100 1 |a Majtán, Miroslav 
700 1 |a Tarišková, Natália, 1973- 
700 1 |a Grznár, Miroslav 
700 1 |a Ďurigová, Renáta